000 01128cam a22002894a 4500
005 20260322212029.0
008 data
010 _a 2009028568
020 _a9780760337318 (hb w/ jkt)
020 _a0760337314
040 _aDLC
_cDLC
050 0 0 _aTL236
_b.C53 2010
082 0 0 _a629.228022/2
_222
092 _a629.22 C53 2010
100 1 _aCodling, Stuart,
_d1972-
245 1 0 _aArt of the Formula 1 race car /
_cStuart Codling & James Mann.
246 3 _aArt of the Formula One race car
260 _aMinneapolis :
_bMotor books,
_c2010.
300 _a208 p. :
_bcol. ill. ;
_c25 cm.
500 _aIncludes index.
505 0 _aAlfa Romeo 158/159 -- Maserati 250F -- Mercedes-Benz W196 -- Lancia D50 -- BRM P57 -- Brabham BT20 -- Lotus 49B -- Lotus 72 -- Tyrrell 003 -- Brabham BT44 -- Tyrrell P34 -- Ferrari 312T3 -- Williams FW07 -- Mclaren MP4/4 -- Leyton house CG901 -- Jordan 191 -- Williams FW14 -- Ferrari F1-2000 -- Mclaren MP4-23.
650 0 _aFormula One automobiles.
650 0 _aFormula One automobiles
_vPictorial works.
650 0 _aGrand Prix racing.
700 1 _aMann, James,
_d1963-
001 data
999 _c671
_d671